Guess the 80s Song from the Music Video - Statistics

General Stats
  • This quiz has been taken 73 times
  • The average score is 9 of 16
Answer Stats
Picture Answer % Correct
Michael Jackson / Thriller
96%
Take on Me / A-ha
84%
Madonna / Material Girl
81%
Olivia Newton-John / Physical
72%
Wham! / Last Christmas
68%
Cyndi Lauper / Girls Just Wanna Have Fun
65%
Bon Jovi / Livin' on a Prayer
63%
Super Trouper / ABBA
59%
Eurythmics / Sweet Dreams (are made of this)
54%
Queen / Want To Break Free
53%
Every Breath You Take / The Police
46%
Sade / Smooth Operator
44%
Peter Gabriel / Sledgehammer
41%
Walk This Way / Aerosmith / RUN DMC
38%
George Michael / Careless Whisper
32%
Lambada / Kaoma
22%
No matching quizzes found
Score Distribution
Percent of People with Each Score
Percentile by Number Answered
Your Score History
You have not taken this quiz